[Event "87o Campeonato Brasileiro Absoluto Final Aberta"]
[Site "Cuiaba MT"]
[Date "2021.11.04"]
[Round "11"]
[Board "17"]
[White "Sega, Carlos Alberto"]
[Black "Do Nascimento, Christian Almeida"]
[Result "1-0"]
[WhiteElo "2164"]
[BlackElo "2037"]
[PlyCount "81"]
[EventDate "2021.10.28"]
[EventRounds "11"]
[EventCountry "BRA"]

1. c4 e6 2. g3 d5 3. Bg2 Nf6 4. Nf3 c5 5. cxd5 exd5 6. d4 Nc6 7. O-O Bf5 8. Nc3
c4 9. Bg5 Be7 10. Ne5 O-O 11. Bxf6 Bxf6 12. Nxd5 Nxe5 13. dxe5 Bxe5 14. e4 Be6
15. Qe2 b5 16. Rfd1 Re8 17. f4 Bxd5 18. Qf2 Bc7 19. Kh1 Bb6 20. Qc2 Qe7 21.
Rxd5 a6 22. Rad1 Rad8 23. e5 g6 24. Rd6 Rxd6 25. Rxd6 Qxd6 26. exd6 Re1+ 27.
Bf1 Rxf1+ 28. Kg2 Rf2+ 29. Qxf2 Bxf2 30. Kxf2 Kf8 31. Ke3 Ke8 32. Kd4 Kd8 33.
a3 f5 34. Kd5 Kd7 35. Kc5 h6 36. h4 h5 37. Kd5 a5 38. Kc5 b4 39. axb4 c3 40.
bxc3 a4 41. Kc4  1-0

[Event "87o Campeonato Brasileiro Absoluto Final Aberta"]
[Site "Cuiaba MT"]
[Date "2021.11.04"]
[Round "11"]
[Board "18"]
[White "Pereira, Geanfrancesco"]
[Black "Souza, Rafael Cabral De"]
[Result "1-0"]
[WhiteElo "2023"]
[BlackElo "2162"]
[PlyCount "69"]
[EventDate "2021.10.28"]
[EventRounds "11"]
[EventCountry "BRA"]

1. e4 c6 2. d4 d6 3. c4 g6 4. Nc3 a6 5. a4 a5 6. Be3 Na6 7. h4 h5 8. Be2 Nb4 9.
Nf3 Bg7 10. O-O Nh6 11. Qd2 Ng4 12. Bf4 O-O 13. Rad1 Qb6 14. Ne1 Re8 15. Bxg4
Bxg4 16. f3 Be6 17. b3 Na6 18. Nc2 Qxb3 19. Ne3 Qb6 20. Kh1 Nb4 21. g4 hxg4 22.
fxg4 Rad8 23. Rg1 Bc8 24. Nf5 Bh8 25. Nh6+ Kg7 26. Rdf1 Rf8 27. h5 Kh7 28. Be3
f6 29. hxg6+ Kxg6 30. Qh2 Kh7 31. Nf5+ Kg8 32. Qh6 Rf7 33. g5 Bg7 34. gxf6 Bxf5
35. Rxg7+  1-0

[Event "87o Campeonato Brasileiro Absoluto Final Aberta"]
[Site "Cuiaba MT"]
[Date "2021.11.04"]
[Round "11"]
[Board "19"]
[White "Santos, Marcus Vinicius Moreira"]
[Black "Silva, Kaua Marques"]
[Result "1/2-1/2"]
[WhiteElo "2375"]
[BlackElo "2086"]
[PlyCount "43"]
[EventDate "2021.10.28"]
[EventRounds "11"]
[EventCountry "BRA"]

1. d4 Nf6 2. c4 e6 3. Nc3 Bb4 4. f3 d5 5. a3 Bxc3+ 6. bxc3 c5 7. cxd5 Nxd5 8.
dxc5 Qa5 9. e4 Ne7 10. Be3 O-O 11. Qb3 Nec6 12. Bb5 Qc7 13. Ne2 e5 14. Kf2 Na5
15. Qb4 Na6 16. Bxa6 bxa6 17. Rab1 Be6 18. c4 Rab8 19. Qc3 Nb7 20. Qb4 Na5 21.
Qc3 Nb7 22. Qb4  1/2-1/2

[Event "87o Campeonato Brasileiro Absoluto Final Aberta"]
[Site "Cuiaba MT"]
[Date "2021.11.04"]
[Round "11"]
[Board "20"]
[White "Urquiza, Marcello De Albuquerque"]
[Black "Federzoni, Enzo"]
[Result "1/2-1/2"]
[WhiteElo "2093"]
[BlackElo "2215"]
[PlyCount "136"]
[EventDate "2021.10.28"]
[EventRounds "11"]
[EventCountry "BRA"]

1. e4 c5 2. Nf3 d6 3. d4 cxd4 4. Qxd4 a6 5. c4 Nf6 6. Be2 e6 7. O-O Qc7 8. Nc3
Be7 9. b3 O-O 10. Bb2 Nbd7 11. Rac1 b6 12. Rfd1 Bb7 13. Ba3 Nc5 14. e5 dxe5 15.
Qxe5 Qxe5 16. Nxe5 Rfd8 17. Bf3 Bxf3 18. Nxf3 Bf8 19. Rxd8 Rxd8 20. Bxc5 Bxc5
21. Rd1 Rxd1+ 22. Nxd1 Ne4 23. Kf1 Kf8 24. Ke2 Ke7 25. Ne1 Kd6 26. Nc2 Ke5 27.
b4 Be7 28. f3 Nd6 29. Kd3 Nf5 30. Nde3 Nh4 31. Nd4 Kd6 32. g3 Ng6 33. f4 Nf8
34. Nb3 Nd7 35. a4 Bd8 36. Kd4 Bf6+ 37. Kd3 Bd8 38. Ke4 a5 39. c5+ bxc5 40.
Nc4+ Kc6 41. b5+ Kb7 42. Ncxa5+ Kc8 43. Nc4 f5+ 44. Kd3 g5 45. a5 gxf4 46. gxf4
Bc7 47. Ke3 Nf6 48. Nxc5 Nd5+ 49. Kf3 Bxf4 50. Nxe6 Bxh2 51. Nd4 Bg1 52. Nxf5
Bc5 53. Nfd6+ Kc7 54. Ne4 Bd4 55. Kg4 Bc3 56. Nxc3 Nxc3 57. b6+ Kb7 58. Nd6+
Kb8 59. Kh5 Nd5 60. Kh6 Nb4 61. Ne4 Nc6 62. a6 Nb4 63. a7+ Ka8 64. Nc3 Nc6 65.
Nb5 Nxa7 66. bxa7 Kb7 67. Kxh7 Ka8 68. Kg6 Kb7  1/2-1/2

[Event "87o Campeonato Brasileiro Absoluto Final Aberta"]
[Site "Cuiaba MT"]
[Date "2021.11.04"]
[Round "11"]
[Board "21"]
[White "Abrantes, Tiago Garrido"]
[Black "Damasceno, Enzo De Carvalho"]
[Result "1-0"]
[WhiteElo "2178"]
[BlackElo "1692"]
[PlyCount "37"]
[EventDate "2021.10.28"]
[EventRounds "11"]
[EventCountry "BRA"]

1. d4 e6 2. c4 d5 3. Nf3 Nf6 4. g3 c6 5. Bg2 dxc4 6. a4 c5 7. Na3 Nc6 8. O-O
cxd4 9. Nxc4 Be7 10. Qb3 Nd5 11. Rd1 Bf6 12. e4 Nb6 13. e5 Be7 14. Be3 Nxc4 15.
Qxc4 Qa5 16. Nxd4 Nxe5 17. Qb5+ Qxb5 18. Nxb5 O-O 19. Nc7  1-0

[Event "87o Campeonato Brasileiro Absoluto Final Aberta"]
[Site "Cuiaba MT"]
[Date "2021.11.04"]
[Round "11"]
[Board "22"]
[White "Souza Neves, Andrey M."]
[Black "Ribeiro, Matheus Mendes Domingues"]
[Result "1-0"]
[WhiteElo "2087"]
[BlackElo "2177"]
[PlyCount "115"]
[EventDate "2021.10.28"]
[EventRounds "11"]
[EventCountry "BRA"]

1. e4 c5 2. c3 Nf6 3. e5 Nd5 4. Nf3 Nc6 5. Bc4 Nb6 6. Bb3 c4 7. Bc2 d6 8. exd6
Qxd6 9. O-O Bg4 10. Re1 O-O-O 11. b3 Qf6 12. Qe2 Bxf3 13. gxf3 Nd5 14. bxc4 Nf4
15. Qf1 Ne5 16. Rxe5 Qxe5 17. d4 Qg5+ 18. Kh1 e5 19. c5 Qh5 20. Be4 f5 21.
Bxb7+ Kxb7 22. Qb5+ Kc7 23. Qa5+ Kd7 24. c6+ Ke7 25. Qc7+ Ke8 26. Qxe5+ Kf7 27.
Bxf4 Qxf3+ 28. Kg1 Rd5 29. Qc7+ Be7 30. Nd2 Qg4+ 31. Kh1 Rc8 32. Qxc8 Qxf4 33.
Re1 Qd6 34. Nc4 Qh6 35. Ne5+ Rxe5 36. dxe5 Qf4 37. Qd7 Qf3+ 38. Kg1 Qg4+ 39.
Kf1 Qh3+ 40. Ke2 Qg4+ 41. f3 Qg2+ 42. Ke3 f4+ 43. Ke4 Qc2+ 44. Qd3 Qa4+ 45. c4
Kf8 46. e6 Qa5 47. Rb1 g6 48. Qd5 Qxa2 49. Rb8+ Kg7 50. Qe5+ Kh6 51. Qxf4+ g5
52. Qe5 Qxc4+ 53. Kf5 Qxc6 54. Kg4 Qc4+ 55. Qe4 Qf1 56. Rb7 Qg1+ 57. Kf5 Qc5+
58. Qe5  1-0

[Event "87o Campeonato Brasileiro Absoluto Final Aberta"]
[Site "Cuiaba MT"]
[Date "2021.11.04"]
[Round "11"]
[Board "23"]
[White "Pomar, Marcelo Nascimento"]
[Black "Zanette, Edgard Vinicius"]
[Result "1-0"]
[WhiteElo "1947"]
[BlackElo "2157"]
[PlyCount "59"]
[EventDate "2021.10.28"]
[EventRounds "11"]
[EventCountry "BRA"]

1. e4 c5 2. Nf3 d6 3. d4 cxd4 4. Nxd4 Nf6 5. Nc3 a6 6. g3 e5 7. Nde2 Be7 8. Bg2
b5 9. O-O Be6 10. a4 b4 11. Nd5 Bxd5 12. exd5 a5 13. c3 Na6 14. cxb4 Nxb4 15.
Nc3 O-O 16. Be3 Qd7 17. h3 Qb7 18. Kh2 Nd7 19. f4 f5 20. fxe5 Nxe5 21. Nb5 Rac8
22. Bd4 Rc2 23. Bc3 Ned3 24. Nd4 Rxg2+ 25. Kxg2 Nxd5 26. Kh2 Ne5 27. Qb3 Qxb3
28. Nxb3 Ne3 29. Rf2 Bg5 30. Kh1  1-0

[Event "87o Campeonato Brasileiro Absoluto Final Aberta"]
[Site "Cuiaba MT"]
[Date "2021.11.04"]
[Round "11"]
[Board "24"]
[White "Custodio, Leandro"]
[Black "Luz, Arthur Nader"]
[Result "0-1"]
[WhiteElo "1953"]
[BlackElo "2149"]
[PlyCount "54"]
[EventDate "2021.10.28"]
[EventRounds "11"]
[EventCountry "BRA"]

1. Nf3 g6 2. d4 Nf6 3. h4 d5 4. Nc3 c5 5. dxc5 Nc6 6. Bg5 d4 7. Bxf6 exf6 8.
Ne4 Bf5 9. Nd6+ Bxd6 10. cxd6 Qb6 11. e4 dxe3 12. Bd3 exf2+ 13. Kf1 Bxd3+ 14.
Qxd3 O-O-O 15. Rd1 Rd7 16. h5 Rhd8 17. hxg6 hxg6 18. Qa3 Kb8 19. Rh4 g5 20. Ra4
Rh8 21. Ke2 Re8+ 22. Kf1 Re6 23. c4 g4 24. Nh4 Re3 25. b3 g3 26. c5 Qb5+ 27.
Rc4 Qxc4+  0-1

[Event "87o Campeonato Brasileiro Absoluto Final Aberta"]
[Site "Cuiaba MT"]
[Date "2021.11.04"]
[Round "11"]
[Board "25"]
[White "Lage, Pedro Ferreira"]
[Black "Souza Dos Santos, Matheus Garcett"]
[Result "1/2-1/2"]
[WhiteElo "2144"]
[BlackElo "1999"]
[PlyCount "80"]
[EventDate "2021.10.28"]
[EventRounds "11"]
[EventCountry "BRA"]

1. Nf3 Nf6 2. c4 g6 3. Nc3 Bg7 4. e4 d6 5. d4 O-O 6. Be2 e5 7. O-O Nbd7 8. Re1
c6 9. Be3 h6 10. h3 Qe7 11. Bf1 a5 12. dxe5 dxe5 13. Qc2 Nh5 14. Na4 Nf4 15. c5
Ne6 16. Nd2 f5 17. f3 f4 18. Bf2 g5 19. Nc4 h5 20. Nd6 Rf6 21. Rad1 Rg6 22. Nf5
Qf8 23. Rd6 Nd4 24. Qc4+ Kh7 25. Rxg6 Kxg6 26. Nxd4 exd4 27. Bxd4 Ne5 28. Qc3
Qh8 29. Rd1 Be6 30. Bxe5 Bxe5 31. Qd2 g4 32. Nb6 Re8 33. Bc4 Qf8 34. Nd7 Bxd7
35. Qxd7 Qxc5+ 36. Kh1 Rf8 37. Qe6+ Bf6 38. fxg4 hxg4 39. Qxg4+ Qg5 40. Qxg5+
Kxg5  1/2-1/2

[Event "87o Campeonato Brasileiro Absoluto Final Aberta"]
[Site "Cuiaba MT"]
[Date "2021.11.04"]
[Round "11"]
[Board "26"]
[White "Lima, Vinicius Taishun"]
[Black "Mazetto, Sergio Luiz"]
[Result "1/2-1/2"]
[WhiteElo "1788"]
[BlackElo "2119"]
[PlyCount "31"]
[EventDate "2021.10.28"]
[EventRounds "11"]
[EventCountry "BRA"]

1. e4 g6 2. d4 Bg7 3. Nc3 c5 4. Nf3 cxd4 5. Nxd4 Nc6 6. Be3 Nf6 7. Bc4 O-O 8.
Bb3 Re8 9. f3 e6 10. f4 d5 11. e5 Nd7 12. Ndb5 f6 13. Nxd5 exd5 14. Qxd5+ Kh8
15. Nd6 Re7 16. O-O-O  1/2-1/2

[Event "87o Campeonato Brasileiro Absoluto Final Aberta"]
[Site "Cuiaba MT"]
[Date "2021.11.04"]
[Round "11"]
[Board "27"]
[White "Farias, Igor Borge Cardoso"]
[Black "Trevisan, Rodrigo"]
[Result "0-1"]
[WhiteElo "1889"]
[BlackElo "2111"]
[PlyCount "118"]
[EventDate "2021.10.28"]
[EventRounds "11"]
[EventCountry "BRA"]

1. c4 e5 2. Nc3 Bb4 3. Nd5 a5 4. e4 c6 5. Nxb4 axb4 6. Nf3 Nf6 7. d3 h6 8. Be2
O-O 9. O-O Re8 10. h3 d5 11. Qc2 dxe4 12. dxe4 b3 13. Qxb3 Nxe4 14. Be3 Nd7 15.
Rfd1 Qa5 16. a3 Ndc5 17. Qc2 Bf5 18. b4 Qa4 19. Qxa4 Nxa4 20. Bd3 Nb2 21. Bxe4
Bxe4 22. Rd7 Nxc4 23. Nd2 Nxd2 24. Bxd2 Red8 25. Rxd8+ Rxd8 26. Be3 f5 27. a4
Kf7 28. f3 Bd3 29. Rd1 Ke8 30. a5 Rd5 31. Bc5 g6 32. Kf2 Kd7 33. h4 h5 34. g3
Ke6 35. Ke3 Bb5 36. Rxd5 cxd5 37. f4 d4+ 38. Kd2 Kd5 39. fxe5 Kxe5 40. Bb6 Ke4
41. Bd8 f4 42. gxf4 Kxf4 43. Bg5+ Ke4 44. Bd8 Kd5 45. Bg5 Kc4 46. Be7 Be8 47.
Kc2 Bd7 48. Kd2 Bf5 49. Bd6 g5 50. hxg5 h4 51. Ke1 h3 52. Kf2 d3 53. Bf4 Kxb4
54. Kg3 Kxa5 55. g6 Bxg6 56. Kxh3 Kb4 57. Kg2 Kc3 58. Kf2 d2 59. Bxd2+ Kxd2  0-1

[Event "87o Campeonato Brasileiro Absoluto Final Aberta"]
[Site "Cuiaba MT"]
[Date "2021.11.04"]
[Round "11"]
[Board "28"]
[White "Almeida Junior, Alvaro Alves De"]
[Black "Naief Moreira, Cleber"]
[Result "0-1"]
[WhiteElo "2106"]
[BlackElo "1852"]
[PlyCount "59"]
[EventDate "2021.10.28"]
[EventRounds "11"]
[EventCountry "BRA"]

1. e4 d6 2. d4 Nf6 3. Nc3 g6 4. f4 Bg7 5. Nf3 O-O 6. e5 Nfd7 7. e6 fxe6 8. h4
c5 9. h5 cxd4 10. Nxd4 Bxd4 11. Qxd4 Nc6 12. Qc4 d5 13. Nxd5 exd5 14. Qxd5+ Kg7
15. Bd2 Nf6 16. Qg5 Qxd2+ 17. Kxd2 Ne4+ 18. Ke3 Nxg5 19. fxg5 Rf5 20. Bc4 Re5+
21. Kd2 Rxg5 22. h6+ Kf8 23. Rhf1+ Bf5 24. Rf2 Rd8+ 25. Kc3 Rg3+ 26. Bd3 Ne5
27. Raf1 Nxd3 28. cxd3 Rgxd3+ 29. Kc4 R8d4+ 30. Kc5  0-1

[Event "87o Campeonato Brasileiro Absoluto Final Aberta"]
[Site "Cuiaba MT"]
[Date "2021.11.04"]
[Round "11"]
[Board "30"]
[White "Do Valle Cardoso, Lucas"]
[Black "Felicio, Leonardo Demetrio De F."]
[Result "1-0"]
[WhiteElo "2285"]
[BlackElo "1896"]
[PlyCount "85"]
[EventDate "2021.10.28"]
[EventRounds "11"]
[EventCountry "BRA"]

1. e4 c5 2. Nf3 g6 3. d4 cxd4 4. Nxd4 Bg7 5. Nc3 Nc6 6. Be3 Nf6 7. Nxc6 bxc6 8.
e5 Ng8 9. Bd4 Nh6 10. e6 O-O 11. Bxg7 Kxg7 12. exd7 Qxd7 13. Qxd7 Bxd7 14.
O-O-O Bf5 15. h3 e5 16. g4 Be6 17. Bg2 Rac8 18. Rd6 Bxg4 19. hxg4 Nxg4 20. Rf1
f5 21. Bxc6 e4 22. Bd5 Rc7 23. Nb5 Re7 24. Nd4 Rc8 25. b3 h5 26. c4 h4 27. f3
Ne3 28. Rg1 Nxd5 29. Rxd5 Kf6 30. f4 Kf7 31. Rd6 Rg8 32. Nc6 Re6 33. Nd8+ Rxd8
34. Rxd8 e3 35. c5 Rc6 36. b4 a5 37. a3 axb4 38. axb4 e2 39. Kd2 Re6 40. b5 g5
41. c6 h3 42. c7 h2 43. Re1  1-0

[Event "87o Campeonato Brasileiro Absoluto Final Aberta"]
[Site "Cuiaba MT"]
[Date "2021.11.04"]
[Round "11"]
[Board "31"]
[White "Cabral Teske, Luiz Fernando"]
[Black "Carstens Dobuchak, Thiago"]
[Result "0-1"]
[WhiteElo "1894"]
[BlackElo "2179"]
[PlyCount "94"]
[EventDate "2021.10.28"]
[EventRounds "11"]
[EventCountry "BRA"]

1. e4 c5 2. Nf3 d6 3. d4 cxd4 4. Nxd4 Nf6 5. Nc3 a6 6. h3 e5 7. Nde2 h5 8. g3
Be6 9. Bg2 Nbd7 10. O-O Be7 11. Be3 Rc8 12. a4 Nb6 13. b3 d5 14. Bxb6 Qxb6 15.
exd5 Bf5 16. Rc1 Ba3 17. Rb1 Bb4 18. a5 Qxa5 19. Ra1 Qc5 20. Na4 Qxc2 21. d6
O-O 22. Bxb7 Rcd8 23. Qxc2 Bxc2 24. Bxa6 Rxd6 25. Bc4 Rd2 26. Nac3 Ne4 27. Nxe4
Bxe4 28. Ra4 Rb8 29. Ra7 Bd3 30. Bxd3 Rxd3 31. Rb1 Rd2 32. Nc1 Rd1+ 33. Kg2 Rc8
34. Ra4 Bd2 35. Rc4 Rxc4 36. bxc4 Rxc1 37. Rxc1 Bxc1 38. Kf3 f5 39. g4 hxg4+
40. hxg4 g6 41. c5 Kf7 42. gxf5 gxf5 43. Ke2 Ke6 44. c6 Kd6 45. c7 Kxc7 46. Kd3
Kd6 47. Kc4 e4  0-1

[Event "87o Campeonato Brasileiro Absoluto Final Aberta"]
[Site "Cuiaba MT"]
[Date "2021.11.04"]
[Round "11"]
[Board "32"]
[White "Soares, Renan Barbosa Monteiro"]
[Black "Nunes Jr, Sidney"]
[Result "1-0"]
[WhiteElo "1886"]
[BlackElo "2084"]
[PlyCount "93"]
[EventDate "2021.10.28"]
[EventRounds "11"]
[EventCountry "BRA"]

1. d4 Nf6 2. c4 e6 3. Nf3 b6 4. g3 Bb7 5. Bg2 Bb4+ 6. Bd2 a5 7. O-O O-O 8. Bg5
Be7 9. Nc3 d6 10. Qc2 Nbd7 11. Rad1 h6 12. Bxf6 Bxf6 13. Ng5 Bxg5 14. Bxb7 Rb8
15. Bg2 f5 16. f4 Bf6 17. e4 fxe4 18. Qxe4 Re8 19. Bh3 Nf8 20. Rfe1 Re7 21. Nb5
d5 22. cxd5 exd5 23. Qc2 Qe8 24. Rxe7 Qxe7 25. Nxc7 Bxd4+ 26. Rxd4 Qe3+ 27. Qf2
Qc1+ 28. Bf1 Qxc7 29. Rxd5 Ne6 30. Qd2 Nc5 31. Qd4 Re8 32. Bc4 Kh7 33. a3 a4
34. Bb5 Re7 35. Bc4 Re1+ 36. Kf2 Re8 37. Bd3+ Kh8 38. Bg6 Rf8 39. Bb1 Kg8 40.
Ba2 Kh8 41. Bb1 Qc6 42. Rd6 Qc8 43. Rxh6+ Kg8 44. Bh7+ Kf7 45. Bg6+ Kg8 46.
Qd5+ Ne6 47. Rh8+  1-0

[Event "87o Campeonato Brasileiro Absoluto Final Aberta"]
[Site "Cuiaba MT"]
[Date "2021.11.04"]
[Round "11"]
[Board "33"]
[White "Kruger, Israel"]
[Black "Piccoli, Lucas Fonseca"]
[Result "0-1"]
[WhiteElo "1882"]
[BlackElo "2075"]
[PlyCount "76"]
[EventDate "2021.10.28"]
[EventRounds "11"]
[EventCountry "BRA"]

1. e4 c6 2. Nf3 d5 3. d3 Bg4 4. Be2 e6 5. O-O Nd7 6. Nbd2 Ne7 7. Re1 g6 8. a4
Bg7 9. Nf1 O-O 10. c3 h6 11. h3 Bxf3 12. Bxf3 Qc7 13. Be3 Rae8 14. a5 a6 15.
Nh2 Kh7 16. d4 f5 17. e5 c5 18. Qa4 Nc6 19. Rec1 h5 20. Qd1 f4 21. Bd2 Rf5 22.
b4 c4 23. g4 fxg3 24. fxg3 Ndxe5 25. dxe5 Bxe5 26. Bg2 Bxg3 27. Nf3 Ne5 28.
Ng5+ Kg8 29. Qe2 Bh4 30. Nxe6 Rxe6 31. Bxd5 Nf3+ 32. Kh1 Rxd5 33. Qxe6+ Kh7 34.
Bf4 Qxf4 35. Rc2 Re5 36. Qd7+ Re7 37. Qc8 Ne1 38. Rb2 Qf1+  0-1

[Event "87o Campeonato Brasileiro Absoluto Final Aberta"]
[Site "Cuiaba MT"]
[Date "2021.11.04"]
[Round "11"]
[Board "34"]
[White "Andrade, Roberto Luiz Costa"]
[Black "Valcarcel, Victor Ignacio Dos Santos"]
[Result "1-0"]
[WhiteElo "2060"]
[BlackElo "1879"]
[PlyCount "97"]
[EventDate "2021.10.28"]
[EventRounds "11"]
[EventCountry "BRA"]

1. e4 e5 2. Nf3 Nc6 3. Nc3 Nf6 4. d4 exd4 5. Nxd4 Bb4 6. Nxc6 bxc6 7. Bd3 d5 8.
exd5 cxd5 9. O-O O-O 10. Bg5 Bb7 11. Qf3 h6 12. Bxf6 Qxf6 13. Qxf6 gxf6 14. Ne2
a5 15. Rad1 Bd6 16. Ng3 Bxg3 17. fxg3 Kg7 18. Rf4 Rfe8 19. Rg4+ Kf8 20. Rh4 Kg7
21. Rf1 Re6 22. Rff4 Ba6 23. Rfg4+ Kf8 24. Rxh6 Ke7 25. Rd4 Kd6 26. Bxa6 Rxa6
27. Rh8 Kc5 28. Rd2 Re1+ 29. Kf2 Rae6 30. Ra8 c6 31. Rxa5+ Kb6 32. Ra3 Rh1 33.
Rb3+ Kc7 34. h3 Ree1 35. g4 Rhf1+ 36. Kg3 f5 37. gxf5 Rxf5 38. Rf3 Rg5+ 39. Kf2
Re7 40. g4 Rge5 41. Kg3 Kd6 42. Rdf2 Re2 43. h4 d4 44. g5 c5 45. h5 Re1 46. g6
Rg1+ 47. Rg2 Rh1 48. Rh2 Rg1+ 49. Kf4  1-0

[Event "87o Campeonato Brasileiro Absoluto Final Aberta"]
[Site "Cuiaba MT"]
[Date "2021.11.04"]
[Round "11"]
[Board "35"]
[White "Nemeth Junior, Henrique"]
[Black "Lima, Carlos Eduardo I De Araujo"]
[Result "1-0"]
[WhiteElo "2056"]
[BlackElo "1815"]
[PlyCount "51"]
[EventDate "2021.10.28"]
[EventRounds "11"]
[EventCountry "BRA"]

1. e4 c6 2. c4 d5 3. cxd5 cxd5 4. exd5 Nf6 5. Nc3 Nxd5 6. Nf3 Nxc3 7. bxc3 Bd7
8. d4 Qc7 9. Bd2 g6 10. Bd3 Bg7 11. O-O O-O 12. Re1 e6 13. h4 Nc6 14. h5 Na5
15. Ng5 e5 16. Nxh7 Kxh7 17. hxg6+ fxg6 18. Qh5+ Kg8 19. Bxg6 Rf6 20. Rxe5 Nc6
21. Qh7+ Kf8 22. Bh6 Rxg6 23. Qxg6 Be8 24. Qf6+ Qf7 25. Bxg7+ Kg8 26. Qh6  1-0

[Event "87o Campeonato Brasileiro Absoluto Final Aberta"]
[Site "Cuiaba MT"]
[Date "2021.11.04"]
[Round "11"]
[Board "36"]
[White "Moyses Sobrinho, Elias"]
[Black "Soares, Joao Carlos T. C."]
[Result "1/2-1/2"]
[WhiteElo "1858"]
[BlackElo "2056"]
[PlyCount "100"]
[EventDate "2021.10.28"]
[EventRounds "11"]
[EventCountry "BRA"]

1. d4 e6 2. c4 f5 3. g3 Nf6 4. Nc3 d5 5. cxd5 exd5 6. Bg2 c6 7. Bg5 Bd6 8. e3
O-O 9. Bxf6 Qxf6 10. Nf3 Nd7 11. O-O Qe7 12. a3 a5 13. Qc2 Nf6 14. Na4 Be6 15.
Ng5 Ne4 16. Nxe6 Qxe6 17. Bxe4 fxe4 18. Nc5 Bxc5 19. dxc5 Qh3 20. Qe2 Rf3 21.
Rfe1 Raf8 22. Qf1 Qf5 23. Re2 g5 24. b4 a4 25. Rb1 h5 26. Qg2 Qd7 27. Rd2 R8f6
28. Rbd1 Kf7 29. b5 h4 30. bxc6 bxc6 31. Rb1 Qe7 32. Rc2 hxg3 33. hxg3 Rh6 34.
Rb4 Qf8 35. Rxa4 Qh8 36. Rd4 g4 37. Rb2 Kg6 38. Rb6 Kg5 39. a4 Rf7 40. Kf1 Rh2
41. Rxc6 Rxg2 42. Rxd5+ Rf5 43. Rxf5+ Kxf5 44. Kxg2 Qa8 45. Rd6 Qxa4 46. Rd4
Qc2 47. Kg1 Qxc5 48. Kg2 Ke5 49. Kg1 Qc1+ 50. Kg2 Qa1 {ilegÃƒ^^vel}  1/2-1/2

[Event "87o Campeonato Brasileiro Absoluto Final Aberta"]
[Site "Cuiaba MT"]
[Date "2021.11.04"]
[Round "11"]
[Board "37"]
[White "Dos Santos, Clecio Franca"]
[Black "Da Silva, Erick Feitosa"]
[Result "1-0"]
[WhiteElo "2031"]
[BlackElo "1765"]
[PlyCount "57"]
[EventDate "2021.10.28"]
[EventRounds "11"]
[EventCountry "BRA"]

1. e4 e5 2. Nf3 Nc6 3. Bc4 Bc5 4. b4 Bxb4 5. c3 Ba5 6. d4 d6 7. Qb3 Qd7 8. O-O
a6 9. Rd1 exd4 10. cxd4 Bb6 11. Qc2 Qe7 12. e5 Bg4 13. exd6 Qxd6 14. Ba3 Qd7
15. Re1+ Kd8 16. Ne5 Nxe5 17. dxe5 Kc8 18. Nc3 c6 19. Ne4 Kb8 20. Rab1 Ka7 21.
Bc5 Bxc5 22. Nxc5 Qc7 23. Rxb7+ Qxb7 24. Nxb7 Kxb7 25. Rb1+ Kc7 26. Qd2 Bd7 27.
Qd6+ Kc8 28. Bxa6+ Kd8 29. Rb7  1-0

[Event "87o Campeonato Brasileiro Absoluto Final Aberta"]
[Site "Cuiaba MT"]
[Date "2021.11.04"]
[Round "11"]
[Board "38"]
[White "Dantas, Neimar De Oliveira"]
[Black "Ferreira, Thales Bond Dias"]
[Result "1-0"]
[WhiteElo "2030"]
[BlackElo "1805"]
[PlyCount "109"]
[EventDate "2021.10.28"]
[EventRounds "11"]
[EventCountry "BRA"]

1. d4 Nf6 2. Nf3 g6 3. c4 c5 4. g3 cxd4 5. Bg2 Nc6 6. Nxd4 Bg7 7. O-O O-O 8.
Nc3 a6 9. Re1 Nxd4 10. Qxd4 d6 11. Qd3 Rb8 12. e4 Ng4 13. Qc2 b5 14. h3 Ne5 15.
cxb5 axb5 16. Kh2 Qc7 17. a3 Nc4 18. Nd5 Qd7 19. Rb1 e6 20. Nb4 Bb7 21. b3 Ne5
22. f4 Nc6 23. Nxc6 Bxc6 24. Bb2 Bxb2 25. Qxb2 Qb7 26. Rbd1 Rfd8 27. Rd3 Rd7
28. g4 d5 29. e5 d4 30. Red1 Rbd8 31. Bxc6 Qxc6 32. Qg2 Qc7 33. h4 Rd5 34. Qg3
Rc5 35. R1d2 Rc2 36. Qf2 Rxd2 37. Qxd2 Qc5 38. b4 Qd5 39. h5 Qe4 40. g5 gxh5
41. Kg3 Kg7 42. Qd1 h4+ 43. Kg4 Qf5+ 44. Kf3 Qh3+ 45. Ke4 Qf5+ 46. Kf3 Qh3+ 47.
Ke4 Qg2+ 48. Qf3 Qg1 49. f5 Qe1+ 50. Kf4 exf5 51. Kxf5 Qc1 52. Kg4 Qg1+ 53. Kh5
Kg8 54. Qf6 Re8 55. Rf3  1-0

[Event "87o Campeonato Brasileiro Absoluto Final Aberta"]
[Site "Cuiaba MT"]
[Date "2021.11.04"]
[Round "11"]
[Board "39"]
[White "Jenidarchiche, Douglas Rodrigo"]
[Black "Alves Campelo, Danilo Cesar De L"]
[Result "1/2-1/2"]
[WhiteElo "1815"]
[BlackElo "2017"]
[PlyCount "64"]
[EventDate "2021.10.28"]
[EventRounds "11"]
[EventCountry "BRA"]

1. Nf3 Nf6 2. g3 e6 3. Bg2 c5 4. c4 Nc6 5. O-O d5 6. cxd5 Nxd5 7. Nc3 Be7 8. d4
cxd4 9. Nxd4 Nxd4 10. Nxd5 Nxe2+ 11. Qxe2 exd5 12. Bg5 Be6 13. Bxe7 Qxe7 14.
Rad1 Rd8 15. Rfe1 Qc5 16. Bh3 Rd6 17. Rc1 Qb6 18. Rc8+ Rd8 19. Bxe6 fxe6 20.
Rxd8+ Kxd8 21. Qe5 Rf8 22. Re2 Rf6 23. Rc2 Ke7 24. Qb8 Kf7 25. h4 Qd4 26. Qxb7+
Kg6 27. Qc7 h5 28. Qc8 Qd1+ 29. Kg2 Qf3+ 30. Kh2 Qd1 31. Kg2 Qf3+ 32. Kh2 Qd1
 1/2-1/2

[Event "87o Campeonato Brasileiro Absoluto Final Aberta"]
[Site "Cuiaba MT"]
[Date "2021.11.04"]
[Round "11"]
[Board "40"]
[White "De Andrade, Dalson Holanda Caval"]
[Black "Rodrigues Mota, Romulo Cardoso S"]
[Result "0-1"]
[WhiteElo "2000"]
[BlackElo "1759"]
[PlyCount "98"]
[EventDate "2021.10.28"]
[EventRounds "11"]
[EventCountry "BRA"]

1. d4 Nf6 2. Bf4 c5 3. e3 g6 4. Nf3 cxd4 5. exd4 d6 6. h3 Qb6 7. b3 Nd5 8. Bd2
Bf5 9. c3 Qc7 10. Bc4 Nb6 11. Bb5+ N8d7 12. O-O a6 13. Be2 Nf6 14. c4 Ne4 15.
Be3 d5 16. c5 Nd7 17. Qc1 Bg7 18. Nc3 Ndf6 19. b4 h5 20. b5 Qc8 21. bxa6 bxa6
22. Nxe4 Nxe4 23. Bd3 f6 24. Nh4 Bxh3 25. gxh3 Qxh3 26. Bxe4 dxe4 27. Ng2 h4
28. Qd1 Qf5 29. f4 Rb8 30. Qe2 h3 31. Ne1 Rh4 32. Kh2 Bh6 33. Qf2 Rg4 34. Rc1
e5 35. d5 exf4 36. d6 fxe3 37. Qxf5 gxf5 38. Rxf5 Kd7 39. c6+ Ke6 40. c7 Rc8
41. Rxf6+ Kxf6 42. d7 Rgg8 43. Rc6+ Ke5 44. dxc8=Q Bf4+ 45. Kxh3 Rxc8 46. Kg4
Kd5 47. Rxa6 Bxc7 48. Ng2 Rg8+ 49. Kh3 Rg3+  0-1

[Event "87o Campeonato Brasileiro Absoluto Final Aberta"]
[Site "Cuiaba MT"]
[Date "2021.11.04"]
[Round "11"]
[Board "41"]
[White "De Carvalho, Vitor Augusto Ponciano"]
[Black "Peixoto, Rudson Marinho"]
[Result "0-1"]
[WhiteElo "1757"]
[BlackElo "1945"]
[PlyCount "66"]
[EventDate "2021.10.28"]
[EventRounds "11"]
[EventCountry "BRA"]

1. e4 c5 2. Nf3 d6 3. g3 Nf6 4. d3 e5 5. Bg2 Be7 6. O-O O-O 7. h3 Nc6 8. c3 Be6
9. Ng5 Bd7 10. f4 h6 11. Nf3 exf4 12. gxf4 c4 13. Na3 cxd3 14. Qxd3 Qc8 15. Kh2
Rd8 16. Be3 d5 17. e5 Bf5 18. Qe2 Ne4 19. Nc2 Na5 20. Ncd4 Bg6 21. Nd2 f5 22.
Bxe4 dxe4 23. Qb5 Nc6 24. Rg1 Bf7 25. e6 Bxe6 26. Nxc6 bxc6 27. Qe5 Bf8 28. Bd4
Rxd4 29. Qxd4 Qc7 30. Raf1 Rd8 31. Qe3 Rd3 32. Qe2 Bd6 33. Nxe4 fxe4  0-1